Nelinejnyje volny namagničennosti : dinamičeskije i topologičeskije solitony /

Uložené v:
Podrobná bibliografia
Hlavní autori: Kosevič, Arnol'd Markovič. 1928-2006 (Author), Ivanov, Boris Aleksejevič (Author), Kovalev, Aleksandr Semenovič (Author)
Médium: Kniha
Jazyk:Russian
Vydané: Kijev : Naukova dumka, 1983.
Vydanie:1. izd.
ISBN: (viaz.)
Fyzický popis: 189 s.
Tagy: Pridať tag
Žiadne tagy, Buďte prvý kto otaguje tento záznam!

MARC

LEADER 00000nam a22000004a 4500
001 000407708
005 20121026213001.0
008 121026s1983 un e 000 0 rus d
020 |a (viaz.)  |c Kčs 29,00 
040 |a SVKKK  |b slo  |c SVKKK  |e AACR2 
041 0 |a rus 
044 |a un  |c UA 
100 1 |a Kosevič, Arnol'd Markovič.  |d 1928-2006  |4 aut 
245 1 0 |a Nelinejnyje volny namagničennosti :  |b dinamičeskije i topologičeskije solitony /  |c Arnol'd Markovič Kosevič, Boris Aleksejevič Ivanov, Aleksandr Semenovič Kovalev. 
250 |a 1. izd. 
260 |a Kijev :  |b Naukova dumka,  |c 1983. 
300 |a 189 s. 
700 1 |a Ivanov, Boris Aleksejevič.  |4 aut 
700 1 |a Kovalev, Aleksandr Semenovič  |4 aut 
910 |a svkkk 
998 |a BK 
090 |g SCKHL  |k Sklad Pribinova 2. posch.  |a III.125796  |j 705867  |i B269355  |4 Zastaraná  |s Vyradená